000 01259nam a22002777a 4500
001 7352
003 FISKH
005 20250710104840.0
008 250710b cb ||||| |||| 00| 0 eng d
020 _a9781423161417
040 _aFISKH
_beng
_cFISKH
_dFISKH
050 _aPZ7.O78417 L
082 _a488
100 _aAnonymous
245 _aLady and the tramp :
_bRead Along story book and CD
260 _aNew York :
_bDisney Press,
_c2012.
300 _a32 unnumbered pages :
_bcolor illustrations ;
_c21 cm
500 _aTo find out what happens when a cocker spaniel named Lady meets a mutt named Tramp, read along with me in your book. You will know it's time to turn the page when you hear this sound. . . let's begin now.
505 _aO
520 _aJuvenile Fiction. Juvenile Literature. Picture Book Fiction. Experience the magic of Lady and the Tramp in this enhanced read-along eBook that features real character voices, sound effects, and word-for-word narration! Follow along as two dogs from very different worlds embark on the romantic journey of a lifetime!.
521 8 _a610
_bLexile AD
521 8 _aO
_bRaz-Plus
650 _aFriendship
_vLady and the Tramp
_xHardcover
942 _2ddc
_cBK
_n0
999 _c7352
_d7352